Organización de empresas./ (Registro nro. 8872)
[ vista simple ]
| 000 -LEADER | |
|---|---|
| fixed length control field | 00999nam a2200205Ia 4500 |
| 005 - FECHA Y HORA DE LA ÚLTIMA TRANSACCIÓN | |
| control field | 20250429163535.0 |
| 008 - FIXED-LENGTH DATA ELEMENTS--GENERAL INFORMATION | |
| fixed length control field | 230809s9999 xx 000 0 und d |
| 020 ## - INTERNATIONAL STANDARD BOOK NUMBER | |
| International Standard Book Number | 978-607-15-0975-8 |
| 040 ## - CATALOGING SOURCE | |
| Original cataloging agency | UPAN |
| Transcribing agency | Biblioteca San Vicente |
| Description conventions | RCAA2 |
| 041 ## - LANGUAGE CODE | |
| Language code of text/sound track or separate title | spa |
| 082 ## - DEWEY DECIMAL CLASSIFICATION NUMBER | |
| Classification number | 657.314 |
| Item number | F7360o |
| año de publicación | 2014 |
| 100 ## - MAIN ENTRY--PERSONAL NAME | |
| Personal name | Franklin Fincowsky, Enrique Benjamín |
| Relator code | aut. |
| 245 #0 - TITLE STATEMENT | |
| Title | Organización de empresas./ |
| Statement of responsibility, etc | Enrique Benjamín Franklin Fincowsky |
| 250 ## - EDITION STATEMENT | |
| Edition statement | 4ª ed |
| 260 ## - PUBLICATION, DISTRIBUTION, ETC. (IMPRINT) | |
| Place of publication, distribution, etc | México: |
| Name of publisher, distributor, etc | McGraw Hill, |
| Date of publication, distribution, etc | 2014 |
| 300 ## - PHYSICAL DESCRIPTION | |
| Extent | 399 p.; |
| Dimensions | 28 cm. |
| 505 ## - FORMATTED CONTENTS NOTE | |
| Formatted contents note | Cap. 1 Organización y estrategia<br/>Cap. 2 Metodología para el desarrollo de estudios organizacionales<br/>Cap. 3 Gestión documental<br/>Cap. 4 Estructuras organizacionales<br/>Cap. 5 Distribución del espacio en las áreas de trabajo <br/>Cap. 6 Manuales administrativos<br/>Cap. 7 Procedimientos y procesos<br/>Cap. 8 Reorganización administrativa<br/>Cap. 9 Asistencia técnica y servicio de consultoría |
| 650 ## - SUBJECT ADDED ENTRY--TOPICAL TERM | |
| Source of heading or term | LEMB |
| Form subdivision | Organización |
| General subdivision | Empresas |
| 942 ## - ADDED ENTRY ELEMENTS (KOHA) | |
| Koha item type | Libros |
| Source of classification or shelving scheme | Dewey Decimal Classification |
| Withdrawn status | Lost status | Source of classification or shelving scheme | Damaged status | Not for loan | Collection code | Home library | Current library | Date acquired | Total Checkouts | Full call number | Barcode | Date last seen | Copy number | Price effective from | Koha item type |
|---|---|---|---|---|---|---|---|---|---|---|---|---|---|---|---|
| Dewey Decimal Classification | Colección General | Biblioteca UPAN San Vicente | Biblioteca UPAN San Vicente | 09/08/2023 | 657.314 F7360o | 12004049 | 09/08/2023 | 01 | 09/08/2023 | Libros | |||||
| Dewey Decimal Classification | Colección General | Biblioteca UPAN San Vicente | Biblioteca UPAN San Vicente | 13/08/2023 | 657.314 F7360o | 12004050 | 13/08/2023 | 02 | 13/08/2023 | Libros | |||||
| Dewey Decimal Classification | Colección General | Biblioteca UPAN San Vicente | Biblioteca UPAN San Vicente | 13/08/2023 | 657.314 F7360o | 12004051 | 13/08/2023 | 03 | 13/08/2023 | Libros |